| 000 | 01187nam a2200349 a 4500 | ||
|---|---|---|---|
| 001 | 000023792 | ||
| 003 | DO-SdBNP | ||
| 005 | 20240305135508.0 | ||
| 008 | 110113s1995 sp r 000 f spa d | ||
| 020 | _a8401490987 | ||
| 040 |
_aDO-SdBNP _bspa _cBNPHU |
||
| 041 | 1 | 7 |
_aspa _heng _2Código de idioma MARC |
| 049 | _aBNGR | ||
| 082 |
_a823.914 _bF667p, 1995 _222 |
||
| 100 | 1 |
_aFollett, Ken, _d1949- _913022 |
|
| 240 | 1 | 0 |
_aThe pillars of the earth. _lEspañol. |
| 245 | 1 | 0 |
_aLos pilares de la tierra / _cKen Follett ; traducción de Rosalía Vázquez. |
| 250 | _a9a ed. | ||
| 260 |
_aBarcelona : _bPlaza & Janés, _c1995. |
||
| 300 |
_a1021, [4] p. ; _c18 cm. |
||
| 490 | 1 |
_aPlaza & Janés _v98/8 |
|
| 490 | 1 | _aBiblioteca Ken Follet | |
| 500 | _aIncluye datos biográficos del autor en la solapa dela cubierta | ||
| 534 |
_aTítulo original: _tThe pillars of the earth. |
||
| 650 | 4 |
_aNovela histórica inglesa _91075 |
|
| 650 | 4 |
_aLiteratura histórica inglesa _91074 |
|
| 700 | 1 |
_aVázquez, Rosalía _etr. _948975 |
|
| 830 | 0 |
_aPlaza & Janés ; _v98/8 _948976 |
|
| 830 | 0 |
_aBiblioteca Ken Follet _948977 |
|
| 910 | _aValidado. Control de calidad MFF | ||
| 942 |
_2ddc _cLBS1 |
||
| 999 |
_c23288 _d23288 |
||